Can you name all 10 homonyms? - Statistics

General Stats
  • This quiz has been taken 128 times
  • The average score is 6 of 15
Answer Stats
One Meaning Another Meaning Homonym % Correct
To lay down Saying something untruthful Lie
90%
Nocturnal animal Piece of sporting equipment Bat
81%
The placement of something after the first Measurement of time Second
80%
Dry, barren area of land To abandon a person or cause Desert
71%
Something high quality A payment for a violation Fine
66%
A measure of time A measurement of how small something is Minute
56%
To guide someone or something A type of metal Lead
53%
An adjective meaning small A small case for makeup Compact
38%
Someone with light skin or hair Someone who's agreeable Fair
37%
A point of access and entry A dramatic arrival Entrance
31%
A flow of air To turn Wind
15%
A task or piece of work The throwing of an object Project
8%
Anything you can see or touch To express your disapproval Object
7%
To seek advice To give professional advice Consult
4%
To cut something apart An object which helps attach two things Clip
2%
No matching quizzes found
Score Distribution
Percent of People with Each Score
Percentile by Number Answered
Your Score History
You have not taken this quiz